5HLuxD.jpg

KING HENRY VIII SENIOR AND PRIMARY SCHOOL LIBRARY OPAC

13 things that don't make sense : (Record no. 319)

000 -LEADER
fixed length control field 01086nam a22003491a 4500
001 - CONTROL NUMBER
control field 017603071
003 - CONTROL NUMBER IDENTIFIER
control field UkOxU
005 - DATE AND TIME OF LATEST TRANSACTION
control field 20190806093715.0
008 - FIXED-LENGTH DATA ELEMENTS--GENERAL INFORMATION
fixed length control field 091005r20102009enk 001 0 eng|d
015 ## - NATIONAL BIBLIOGRAPHY NUMBER
National bibliography number GBA9A4821
Source bnb
016 7# - NATIONAL BIBLIOGRAPHIC AGENCY CONTROL NUMBER
Record control number 015403272
Source Uk
020 ## - INTERNATIONAL STANDARD BOOK NUMBER
International Standard Book Number 9781861976475 (pbk.) :
020 ## - INTERNATIONAL STANDARD BOOK NUMBER
International Standard Book Number 186197647X (pbk.) :
035 ## - SYSTEM CONTROL NUMBER
System control number (Uk)015403272
040 ## - CATALOGING SOURCE
Original cataloging agency StDuBDS
Language of cataloging eng
Transcribing agency StDuBDS
Modifying agency Uk
042 ## - AUTHENTICATION CODE
Authentication code ukblsr
082 04 - DEWEY DECIMAL CLASSIFICATION NUMBER
Classification number 500 BRO
Edition number 22
100 1# - MAIN ENTRY--PERSONAL NAME
Personal name Brooks, Michael,
Dates associated with a name 1970-
Relator term author
245 10 - TITLE STATEMENT
Title 13 things that don't make sense :
Remainder of title the most intriguing scientific mysteries of our time /
Statement of responsibility, etc. Michael Brooks.
246 3# - VARYING FORM OF TITLE
Title proper/short title Thirteen things that don't make sense
260 ## - PUBLICATION, DISTRIBUTION, ETC.
Place of publication, distribution, etc. London :
Name of publisher, distributor, etc. Profile,
Date of publication, distribution, etc. 2010.
300 ## - PHYSICAL DESCRIPTION
Extent 240 p. ;
Dimensions 20 cm.
336 ## - CONTENT TYPE
Content type term text
Source rdacontent
337 ## - MEDIA TYPE
Media type term unmediated
Source rdamedia
338 ## - CARRIER TYPE
Carrier type term volume
Source rdacarrier
500 ## - GENERAL NOTE
General note Originally published: 2009.
500 ## - GENERAL NOTE
General note Formerly CIP.
Institution to which field applies Uk
504 ## - BIBLIOGRAPHY, ETC. NOTE
Bibliography, etc. note Includes bibliographical references and index.
650 #0 - SUBJECT ADDED ENTRY--TOPICAL TERM
Topical term or geographic name entry element Science
Form subdivision Miscellanea.
942 ## - ADDED ENTRY ELEMENTS (KOHA)
Source of classification or shelving scheme
Koha item type Books - Non Ficton
Holdings
Withdrawn status Lost status Source of classification or shelving scheme Damaged status Not for loan Collection code Permanent Location Current Location Shelving location Date acquired Total Checkouts Full call number Barcode Date last seen Date last checked out Price effective from Koha item type
          Non-Fiction KH8 Senior School Library KH8 Senior School Library Non Fiction 2019-08-06 2 500 BRO 3KHSL000100004 2021-10-04 2020-10-13 2019-08-06 Books - Non Ficton

Powered By KH8 IT Dept